Statistics for NBA Bracket 2015

Click here to take the quiz!

General Stats

  • This quiz has been taken 346 times
    (325 since last reset)
  • The average score is 6 of 15

Answer Stats

HintAnswer% Correct
1 Seed WestGolden State
100%
1 Seed EastAtlanta
60%
2 Seed EastCleveland
56%
2 Seed WestHouston
56%
3 Seed WestLos Angeles
43%
6 Seed WestSan Antonio
36%
3 Seed EastChicago
33%
4 Seed EastToronto
31%
7 Seed EastBoston
29%
4 Seed WestPortland
29%
5 Seed WestMemphis
28%
7 Seed WestDallas
25%
8 Seed WestNew Orleans
25%
5 Seed EastWashington
25%
6 Seed EastMilwaukee
21%

Score Distribution

Percentile by Number Answered

Percent of People with Each Score

Your Score History

You have not taken this quiz since the last reset